| 000 -LEADER |
| fixed length control field |
02297nam a2200337 a 4500 |
| 001 - CONTROL NUMBER |
| control field |
ASIN0415543134 |
| 005 - DATE AND TIME OF LATEST TRANSACTION |
| control field |
20170105102852.0 |
| 008 - FIXED-LENGTH DATA ELEMENTS--GENERAL INFORMATION |
| fixed length control field |
130821s2012 xxu eng d |
| 020 ## - INTERNATIONAL STANDARD BOOK NUMBER |
| International Standard Book Number |
0415543134 (paperback) |
| Terms of availability |
$42.95 |
| 020 ## - INTERNATIONAL STANDARD BOOK NUMBER |
| International Standard Book Number |
9780415543132 (paperback) |
| 040 ## - CATALOGING SOURCE |
| Original cataloging agency |
0 |
| 050 04 - LIBRARY OF CONGRESS CALL NUMBER |
| Classification number |
HV6453.R8 |
| 082 04 - DEWEY DECIMAL CLASSIFICATION NUMBER |
| Classification number |
364.947 |
| 245 10 - TITLE STATEMENT |
| Title |
Russia's battle with crime, corruption and terrorism / |
| Statement of responsibility, etc. |
Robert Orttung, Anthony Latta. |
| 250 ## - EDITION STATEMENT |
| Edition statement |
1st ed. |
| 260 ## - PUBLICATION, DISTRIBUTION, ETC. |
| Place of publication, distribution, etc. |
[S.l.] : |
| Name of publisher, distributor, etc. |
Routledge, |
| Date of publication, distribution, etc. |
2012. |
| 300 ## - PHYSICAL DESCRIPTION |
| Extent |
202 p. ; |
| Dimensions |
24 cm. |
| 490 1# - SERIES STATEMENT |
| Series statement |
Routledge transnational crime and corruption. |
| 520 ## - SUMMARY, ETC. |
| Summary, etc. |
This book examines Russia's attempts to tackle the challenges of the new and increasing security threats of rising crime, corruption and terrorism that it has experienced since the break-up of the Soviet Union in 1991. It demonstrates the close links between the rising drug trade, border problems, migration issues, organised crime, corruption and terrorism. Uncovering information not seen before by Western audiences, this book: shows how Russia's porous borders have facilitated the operation of transnational crime groups explores the specific features that make particular regions such as Siberia important for the drug trade and other forms of smuggling, analysing the character of the different criminal groups and networks, and investigating the informal links and collusion between these organizations and police officials considers the operation of corrupt practices in the military sector, one of the most closed parts of the economy analyzes the ways in which Russia is fighting crime, corruption and terrorism, and the implications for civil liberties argues that the extensive flows of illegal immigrants into Russia are creating ever more fertile grounds for corruption, crime and terrorism, while the immigrants themselves are often the victims of this crime. |
| 650 #0 - SUBJECT ADDED ENTRY--TOPICAL TERM |
| Topical term or geographic name entry element |
Corruption |
| 650 #0 - SUBJECT ADDED ENTRY--TOPICAL TERM |
| Topical term or geographic name entry element |
Crime |
| 650 #0 - SUBJECT ADDED ENTRY--TOPICAL TERM |
| Topical term or geographic name entry element |
Crime prevention |
| 650 #0 - SUBJECT ADDED ENTRY--TOPICAL TERM |
| Topical term or geographic name entry element |
Organized crime |
| 650 #0 - SUBJECT ADDED ENTRY--TOPICAL TERM |
| Topical term or geographic name entry element |
Russia (Federation) |
| 650 #0 - SUBJECT ADDED ENTRY--TOPICAL TERM |
| Topical term or geographic name entry element |
Terrorism |
| 700 1# - ADDED ENTRY--PERSONAL NAME |
| Personal name |
Latta, Anthony. |
| 700 1# - ADDED ENTRY--PERSONAL NAME |
| Personal name |
Orttung, Robert. |
| 830 #0 - SERIES ADDED ENTRY--UNIFORM TITLE |
| Uniform title |
Routledge transnational crime and corruption. |
| 856 40 - ELECTRONIC LOCATION AND ACCESS |
| Materials specified |
Amazon.com |
| Uniform Resource Identifier |
<a href="http://www.amazon.com/exec/obidos/ASIN/0415543134/chopaconline-20">http://www.amazon.com/exec/obidos/ASIN/0415543134/chopaconline-20</a> |
| 942 ## - ADDED ENTRY ELEMENTS (KOHA) |
| Source of classification or shelving scheme |
|
| Koha item type |
Book |